| 000 | 00733cab a2200205 4500 | ||
|---|---|---|---|
| 001 | WB3309-51 | ||
| 008 | 090401t1997 xxu||||| |||| 00| 0 eng d | ||
| 035 | _a(Sirsi) u59991 | ||
| 041 | _aeng | ||
| 245 | _aLimited liability partnerships | ||
| 260 | _c1997 | ||
| 350 | _a0 | ||
| 490 |
_aDepartment of Trade and Industry Press Notice _v(P/97/158) 20 February 1997 (3) |
||
| 520 | _aDetails of the consultation paper proposing a new form of business association for professionals, limited liability partnership. Responses by 16 May 1997. | ||
| 650 | _aDTI CONSULTATION PAPER | ||
| 650 | _aLIMITED LIABILITY PARTNERSHIPS | ||
| 690 | _aMANAGEMENT-BUSINESS MANAGEMENT-PROFESSIONAL PRACTICE | ||
| 942 | _n0 | ||
| 948 | _c04/03/1997 | ||
| 999 |
_c36925 _d36925 |
||